| 000 | 00468nam a2200193Ia 4500 | ||
|---|---|---|---|
| 005 | 20230921092713.0 | ||
| 008 | 140110s9999 xx 000 0 und d | ||
| 020 |
_a9780099548591 _cRs.399.00 |
||
| 040 | _aLoreto College | ||
| 041 | _aEnglish | ||
| 082 |
_aF _bMIT |
||
| 100 | _aMitchell,Gladys | ||
| 245 |
_aWatson's choice _cGladys Mitchell |
||
| 260 |
_aLondon _bVintage books _c2011 |
||
| 300 | _a360p. | ||
| 650 | _aFiction | ||
| 850 | _aLCLIB | ||
| 942 | _cBK | ||
| 999 |
_c38472 _d88951 |
||